Meovv mvs - Statistics

General Stats
  • This quiz has been taken 40 times
    15 since last reset
  • The average score is 6 of 6
Answer Stats
Picture Answer % Correct
Body
100%
Meow
100%
Hands Up
93%
Toxic
93%
Burning Up
86%
Drop Top
86%
No matching quizzes found
Score Distribution
Percent of People with Each Score
Percentile by Number Answered
Your Score History
You have not taken this quiz since the last reset